Responses for Show #1449 - Thursday, December 13, 1990

John LeDonne game 5.

Contestants

Gail Tinsley, a homemaker and former teacher originally from New York City, New York

Robert Reuss, a teacher from La Sierra, California

John LeDonne, a book buyer from Arlington, Massachusetts (whose 4-day cash winnings total $44,800)

Jeopardy! Round responses

THE EARTH
FASHION
AUTOBIOGRAPHIES
THE BIBLE
PEOPLE
PLAYING THE "HARP"
    $100 16
(Gail: What's a [**]?)
[Gail's response was ruled incorrect and the decision was reversed when the Daily Double was uncovered.]

a canyon (canal)

RobertGail
    $100 17
France

Gail
    $100 1
(Gail: Who is George Washington Carver?)

Booker T. Washington

JohnGail
    $100 26
(Alex: Less than a minute to go.)

turn the other cheek

John
    $100 6
Oprah Winfrey

Gail
    $100 11
a harpoon

Robert
    $200 19
the greenhouse effect

Robert
    $200 18
pink

John
    $200 2
Connie Francis

Triple Stumper
    $200 27
(Gail: What is Deuteronomy?)
(Robert: What is Amos?)

Acts

RobertGail
Triple Stumper
    $200 7
Hugh Downs

Gail
    $200 12
a harpsichord

John
    $300 20
coral

John
    $300 23
3

Gail
    $300 3
Leon Trotsky

Robert
    $300 28
(Robert: What is Luke?)

Peter

Robert
Triple Stumper
    $300 8
Lee Marvin

Gail
    $300 13
(Gail: What's Harper's Bazaar?)

Harper's (Harper's Magazine)

JohnGail
    $400 21
(Gail: What is heat?)
(John: What is sunlight?)

salt

JohnGail
Triple Stumper
    $400 24
stilettos

Gail
    $400 4
Pappy Boyington

Gail
    $500 29
[The end-of-round signal sounds.]

Jacob

John
    $400 9
Tony Randall

Gail
    $400 14
a harpy

John
    $500 22
the International Date Line

John
    $500 25
Gertrude

Gail
    $500 5
Gloria Vanderbilt

Gail
    $500 10
Chester Gould

John
    $500 15
Harper Lee

John

Scores at the first commercial break (after clue 13):

John Robert Gail
$1,100 $400 $1,500

Scores at the end of the Jeopardy! Round:

John Robert Gail
$3,200 $200 $2,300

Double Jeopardy! Round responses

EARLY AMERICA
BIOLOGY
MOTHER GOOSE
DEMOCRATS
EUROPE
GEORGE GERSHWIN
    $200 23
Paul Revere

John
    $200 14
chlorophyll

John
    $200 7
May flowers

John
    $200 8
FDR (Franklin Delano Roosevelt)

Robert
    $200 2
(John: What is Hungary?)

Poland

John
Triple Stumper
    $200 1
S

John
    $400 24
(Alex: We have less than a minute to go.)

the Mason-Dixon line

Robert
    $400 15
cartilage

Gail
    $400 16
the butcher, the baker, the candlestick maker

Gail
    $400 9
(Alex: Oooh, that's gonna hurt [*], that you did not remember him.)

Senator Lloyd Bentsen

Triple Stumper
    $400 3
Napoleon

Gail
    $400 13
Ira Gershwin

John
    $600 25
Secretary of State

Triple Stumper
    $1,300 20
(Gail: What are the adrenal glands?)

the endocrine glands

Gail
    $600 17
vinegar

Gail
    $600 10
Philadelphia

John
    $600 4
Portugal

John
    $800 26
"Common Sense"

Gail
    $800 21
amino acids

John
    $800 18
a bird

Triple Stumper
    $2,000 11
Wilson

John
    $800 5
Austria

Gail
    $800 29
(John: What is "Mammy"?)
...
[The end-of-round signal sounds.]

"Swanee"

John
Triple Stumper
    $1000 27
the Wilderness Trail

Triple Stumper
    $1000 22
the biosphere

John
    $1000 19
Banbury Cross

Gail
    $1000 12
West Virginia

Robert
    $1000 6
Denmark, Norway & Sweden

Triple Stumper
    $1000 28
(Gail: What's Porgy and Bess?)

Of Thee I Sing

Gail
Triple Stumper

Scores at the end of the Double Jeopardy! Round:

John Robert Gail
$8,400 $1,800 $4,400

[wagering suggestions for these scores]

Final Jeopardy! Round responses

BUSINESS & INDUSTRY
RobertWhat is Palmolive?
$1,800
GailWhat is Fels-Naptha?
$4,400
JohnWhat is Palmolive?
$2,000
Palmolive

Final scores:

John Robert Gail
$10,400 $3,600 $0
5-day champion: + Jeopardy! home game or computerized version 2nd place: Hotpoint range & Regal cookware + Jeopardy! home game or computerized version 3rd place: Funai 20" stereo TV + Jeopardy! home game or computerized version

Game dynamics:

Coryat scores:

John Robert Gail
$7,100 $1,800 $5,700
21 R
(including 2 DDs),
3 W
7 R,
2 W
18 R,
6 W
(including 1 DD)

Combined Coryat: $14,600

[game clues] [game scores] [suggest correction]

Game tape date: 1990-09-18
The J! Archive is created by fans, for fans. Scraping, republication, monetization, and malicious use prohibited; this site may use cookies and collect identifying information. See terms. The Jeopardy! game show and all elements thereof, including but not limited to copyright and trademark thereto, are the property of Jeopardy Productions, Inc. and are protected under law. This website is not affiliated with, sponsored by, or operated by Jeopardy Productions, Inc. Join the discussion at JBoard.tv.